00587nam a2200193 a 450000100060000000300080000600500170001400800410003103500140007204000270008604100080011308200280012110000160014924500870016526000480025230000270030050400320032765000340035953867BD-RjUL20211209080032.0170122s1979 bg b 000 0 eng  a(BD-RjUL) aDLCcDLCdBD-RjULbeng aeng00a352.05492bAHA 19792230 aAhmed, Ali 10aAdministration of local-self government for rural areas in Bangladesh /cAli Ahmed aDacca :bLocal Government Institute,c1979. aviii, 237 p. ;c23 cm. aBibliography: p. [234]-237. 0aLocal governmentzBangladesh.